Sports Quiz

Random Sports or Football Quiz

2016 Los Angeles Rams Roster Quiz Stats

 Plays Quiz not verified by Sporcle

Also try: MLB Teams
Challenge
Share
Tweet
Embed
Score 0/57 Timer 10:00
0 Plays Today
Number Player % Correct
16Jared Goff
96.8%
30Todd Gurley
92.1%
11Tavon Austin
90.5%
17Case Keenum
84.1%
99Aaron Donald
84.1%
22Trumaine Johnson
79.4%
94Robert Quinn
79.4%
6Johnny Hekker
74.6%
23Benjamin Cunningham
66.7%
52Alec Ogletree
66.7%
4Greg Zuerlein
65.1%
83Brian Quick
63.5%
14Sean Mannion
60.3%
88Lance Kendricks
55.6%
26Mark Barron
52.4%
39Malcolm Brown
50.8%
68Jamon Brown
50.8%
25T.J. McDonald
47.6%
90Michael Brockers
47.6%
73Greg Robinson
46%
13Michael Thomas
42.9%
92Cam Thomas
42.9%
38Cody Davis
41.3%
95William Hayes
41.3%
10Pharaoh Cooper
39.7%
79Robert Havenstein
38.1%
89Tyler Higbee
38.1%
20Lamarcus Joyner
34.9%
33E.J. Gaines
33.3%
Number Player % Correct
34Chase Reynolds
33.3%
15Bradley Marquez
31.7%
63Darrell Williams
31.7%
76Rodger Saffold
28.6%
32Troy Hill
27%
93Ethan Westbrooks
27%
31Maurice Alexander
25.4%
97Eugene Sims
25.4%
44Jake McQuaide
23.8%
86Nelson Spruce
23.8%
46Cory Harkey
20.6%
61Tim Barnes
20.6%
91Dominique Easley
17.5%
59Josh Forrest
15.9%
96Matt Longacre
12.7%
3Marquez North
11.1%
45Zach Laskey
11.1%
54Bryce Hager
11.1%
58Cory Littleton
11.1%
69Cody Wichmann
11.1%
64Andrew Donnal
9.5%
84Temarrick Hemingway
9.5%
41Marqui Christian
7.9%
72Pace Murphy
7.9%
65Demetrius Rhaney
6.3%
21Coty Sensabaugh
4.8%
43Brian Randolph
3.2%
62Louis Tinca-Pasat
0%

You're not logged in!

Compare scores with friends on all Sporcle quizzes.
OR
Log In

You Might Also Like...

Show Comments

Extras

Top Quizzes Today


Score Distribution

Your Account Isn't Verified!

In order to create a playlist on Sporcle, you need to verify the email address you used during registration. Go to your Sporcle Settings to finish the process.

Report this User

Report this user for behavior that violates our Community Guidelines.

Details: